Translations from the night : (Record no. 121464)
[ view plain ]
| 000 -LEADER | |
|---|---|
| fixed length control field | 01399cam a2200385 i 4500 |
| 001 - CONTROL NUMBER | |
| control field | 1671998 |
| 003 - CONTROL NUMBER IDENTIFIER | |
| control field | ARRUPE |
| 005 - DATE AND TIME OF LATEST TRANSACTION | |
| control field | 20150106133653.0 |
| 008 - FIXED-LENGTH DATA ELEMENTS--GENERAL INFORMATION | |
| fixed length control field | 751014s1975 enk b 000 0 eng |
| 010 ## - LIBRARY OF CONGRESS CONTROL NUMBER | |
| LC control number | 75326551 //r954 |
| 015 ## - NATIONAL BIBLIOGRAPHY NUMBER | |
| National bibliography number | GB75-12317 |
| 020 ## - INTERNATIONAL STANDARD BOOK NUMBER | |
| International Standard Book Number | 0435901672 : |
| Terms of availability | £0.90 |
| 035 ## - SYSTEM CONTROL NUMBER | |
| System control number | (OCoLC)ocm16720422 |
| 035 ## - SYSTEM CONTROL NUMBER | |
| System control number | (NNC)1671998 |
| 040 ## - CATALOGING SOURCE | |
| Original cataloging agency | DLC |
| Transcribing agency | DLC |
| Modifying agency | UKM |
| -- | ZCU |
| 041 0# - LANGUAGE CODE | |
| Language code of text/sound track or separate title | engfremla |
| 050 00 - LIBRARY OF CONGRESS CALL NUMBER | |
| Classification number | PR9408.M31 |
| Item number | R31T7 |
| 082 00 - DEWEY DECIMAL CLASSIFICATION NUMBER | |
| Classification number | 841 |
| 300 ## - PHYSICAL DESCRIPTION | |
| Dimensions | 19 cm. |
| 100 1# - MAIN ENTRY--PERSONAL NAME | |
| Personal name | Rabearivelo, Jean-Joseph, |
| Dates associated with a name | 1901-1937. |
| 9 (RLIN) | 13302 |
| 245 10 - TITLE STATEMENT | |
| Title | Translations from the night : |
| Remainder of title | selected poems of Jean-Joseph Rabearivelo / |
| Statement of responsibility, etc | edited with English translations by John Reed and Clive Wake. |
| 260 ## - PUBLICATION, DISTRIBUTION, ETC. (IMPRINT) | |
| Place of publication, distribution, etc | London : |
| Name of publisher, distributor, etc | Heinemann Educational, |
| Date of publication, distribution, etc | 1975. |
| 300 ## - PHYSICAL DESCRIPTION | |
| Extent | xxii, 73 p. ; |
| 490 1# - SERIES STATEMENT | |
| Series statement | African writers series ; |
| Volume number/sequential designation | 167 |
| 500 ## - GENERAL NOTE | |
| General note | English and French or Malagasy parallel text. |
| 504 ## - BIBLIOGRAPHY, ETC. NOTE | |
| Bibliography, etc | Bibliography: p. xxi-xxii. |
| 600 10 - SUBJECT ADDED ENTRY--PERSONAL NAME | |
| Personal name | Rabearivelo, Jean-Joseph, |
| Dates associated with a name | 1901-1937 |
| Form subdivision | Translations into English. |
| 9 (RLIN) | 13303 |
| 650 #0 - SUBJECT ADDED ENTRY--TOPICAL TERM | |
| Topical term or geographic name as entry element | Malagasy poetry (French) |
| Form subdivision | Translations into English. |
| 9 (RLIN) | 13304 |
| 651 #0 - SUBJECT ADDED ENTRY--GEOGRAPHIC NAME | |
| Geographic name | Madagascar |
| Form subdivision | Poetry. |
| 9 (RLIN) | 13305 |
| 653 ## - INDEX TERM--UNCONTROLLED | |
| Uncontrolled term | Poetry in French |
| -- | African writers, 1900-1945 French-English parallel texts |
| 700 ## - ADDED ENTRY--PERSONAL NAME | |
| Personal name | Reed, John(tr.) |
| 9 (RLIN) | 13524 |
| 700 ## - ADDED ENTRY--PERSONAL NAME | |
| Personal name | Wake, Clive (tr.) |
| 9 (RLIN) | 13525 |
| 830 #0 - SERIES ADDED ENTRY--UNIFORM TITLE | |
| Uniform title | African writers series ; |
| Volume number/sequential designation | 167. |
| 9 (RLIN) | 3197 |
| 942 ## - ADDED ENTRY ELEMENTS (KOHA) | |
| Source of classification or shelving scheme | Library of Congress Classification |
| Koha item type | Monograph ( Printed materials) |
| Withdrawn status | Lost status | Source of classification or shelving scheme | Damaged status | Not for loan | Collection code | Home library | Current library | Shelving location | Date acquired | Total Checkouts | Full call number | Barcode | Date last seen | Price effective from | Koha item type |
|---|---|---|---|---|---|---|---|---|---|---|---|---|---|---|---|
| Library of Congress Classification | Main Collection | ARRUPE LIBRARY | ARRUPE LIBRARY | Main Collection | 10/12/2014 | PR9408.M31 R31T7 | 46500001128 | 10/12/2014 | 10/12/2014 | Monograph ( Printed materials) |